[Event "BAN-chT2 Borsho 2nd"]
[Site "Bangladesh"]
[Date "2021.01.26"]
[Round "7.4"]
[White "Abijit, Barua"]
[Black "Sadnan Hasan, Dihan"]
[Result "0-1"]
[WhiteElo "1777"]
[BlackElo "2025"]
[PlyCount "53"]
[EventDate "2021.01.20"]
[EventType "team-tourn"]
[EventRounds "9"]
[EventCountry "BAN"]
[SourceTitle "CBM 200 Extra"]
[Source "ChessBase"]
[SourceDate "2021.03.31"]
[SourceVersion "1"]
[SourceVersionDate "2021.03.31"]
[SourceQuality "1"]
[WhiteTeam "Elegant Int CA Eli"]
[BlackTeam "Sports Bangla"]
[WhiteTeamCountry "BAN"]
[BlackTeamCountry "BAN"]

1. e4 c5 2. Nf3 d6 3. d4 cxd4 4. Nxd4 Nf6 5. Nc3 a6 6. Be3 e5 7. Nb3 Be6 8. f3 Be7 9. Qd2 0-0 10. 0-0-0 Nbd7 11. g4 b5 12. g5 Nh5 13. Nd5 Bxd5 14. exd5 b4 15. Kb1 a5 16. Rg1 Qc7 17. Bd3 g6 18. h4 a4 19. Nc1 Rfb8 20. f4 exf4 21. Bxf4 a3 22. Bh2 axb2 23. Kxb2 Bf8 24. Be2 Bg7+ 25. Kb1 Nc5 26. Rg4 Na4 27. Rd4 0-1

[Event "Dhaka Saarc op"]
[Site "Dhaka"]
[Date "2019.12.03"]
[Round "9"]
[White "Abijit, Barua"]
[Black "Mowla, Khondakar Nazre"]
[Result "0-1"]
[WhiteElo "1720"]
[BlackElo "1864"]
[PlyCount "80"]
[EventDate "2019.11.25"]
[EventType "swiss"]
[EventRounds "9"]
[EventCountry "BAN"]
[SourceTitle "CBM 193 Extra"]
[Source "ChessBase"]
[SourceDate "2020.01.31"]
[SourceVersion "1"]
[SourceVersionDate "2020.01.31"]
[SourceQuality "1"]

1. e4 c5 2. Nf3 Nc6 3. d4 cxd4 4. Nxd4 Nf6 5. Nc3 d6 6. f3 g6 7. Be3 Bg7 8. Qd2 a6 9. Bc4 Bd7 10. 0-0-0 b5 11. Bb3 Na5 12. Kb1 Nxb3 13. axb3 Qc7 14. g4 Bc6 15. h4 h5 16. gxh5 Rxh5 17. Qf2 Bb7 18. Nde2 Rc8 19. Nf4 Rh8 20. Bd4 e5 21. Bb6 Qe7 22. Nfd5 Nxd5 23. Nxd5 Bxd5 24. Rxd5 Rc6 25. Ba5 Bf8 26. f4 exf4 27. Qxf4 Rh5 28. Bb4 Re5 29. Re1 Qe6 30. Bc3 Rxc3 31. Qd2 Rc6 32. Qa5 Be7 33. h5 gxh5 34. c4 Rxe4 35. Rg1 bxc4 36. Rxh5 Kd7 37. Rh8 Qe5 38. Qb4 cxb3 39. Qxb3 Re1+ 40. Rxe1 Qxe1+ 0-1

[Event "Dhaka Saarc op"]
[Site "Dhaka"]
[Date "2019.12.01"]
[Round "7"]
[White "Abijit, Barua"]
[Black "Rahman, Syed Mahfuzur"]
[Result "0-1"]
[WhiteElo "1720"]
[BlackElo "2156"]
[PlyCount "58"]
[EventDate "2019.11.25"]
[EventType "swiss"]
[EventRounds "9"]
[EventCountry "BAN"]
[SourceTitle "CBM 193 Extra"]
[Source "ChessBase"]
[SourceDate "2020.01.31"]
[SourceVersion "1"]
[SourceVersionDate "2020.01.31"]
[SourceQuality "1"]

1. e4 c5 2. Nf3 d6 3. d4 cxd4 4. Nxd4 Nf6 5. Nc3 a6 6. f3 e5 7. Nb3 Be6 8. Be3 Be7 9. Qd2 0-0 10. g4 d5 11. exd5 Nxd5 12. Nxd5 Bxd5 13. Bg2 Bh4+ 14. Bf2 Bxb3 15. Qxd8 Bxf2+ 16. Kxf2 Rxd8 17. cxb3 Rd2+ 18. Kg3 Nc6 19. Rhf1 Rad8 20. Rf2 Rxf2 21. Kxf2 Rd2+ 22. Kg3 Rxb2 23. Bh1 g5 24. h4 h6 25. h5 Nd4 26. Re1 f6 27. f4 gxf4+ 28. Kh3 f3 29. Rc1 Rxa2 0-1

[Event "Dhaka Rating op"]
[Site "Dhaka"]
[Date "2019.05.24"]
[Round "3"]
[White "Abijit, Barua"]
[Black "Gias Uddin, Ahmed"]
[Result "0-1"]
[WhiteElo "1851"]
[BlackElo "1983"]
[PlyCount "94"]
[EventDate "2019.05.23"]
[EventType "swiss"]
[EventRounds "8"]
[EventCountry "BAN"]
[SourceTitle "EXT 2020"]
[Source "ChessBase"]
[SourceDate "2019.10.17"]
[SourceVersion "1"]
[SourceVersionDate "2019.10.17"]
[SourceQuality "1"]

1. e4 c5 2. Nf3 d6 3. d4 cxd4 4. Nxd4 Nf6 5. Nc3 a6 6. Bg5 e6 7. f4 Nbd7 8. Qf3 Qc7 9. 0-0-0 Rb8 10. Bd3 b5 11. Rhe1 Be7 12. g4 Bb7 13. Kb1 b4 14. Na4 Nc5 15. b3 Nxa4 16. bxa4 h6 17. Qh3 Qc3 18. Re3 Qc5 19. Nb3 Qc7 20. Bxf6 Bxf6 21. g5 Bc3 22. g6 0-0 23. gxf7+ Qxf7 24. f5 exf5 25. exf5 Bc8 26. Rf1 Bf6 27. Rg1 Kh8 28. Rg6 Qxg6 29. fxg6 Bxh3 30. Rxh3 Rfe8 31. a3 bxa3 32. Bxa6 Re1+ 33. Ka2 Rg1 34. Bd3 Rg4 35. Kxa3 d5 36. Re3 Kg8 37. a5 Kf8 38. Nc5 Be7 39. Rxe7 Kxe7 40. a6 Kd6 41. h3 Rg1 42. Nb3 Kc7 43. Kb2 Kb6 44. Kc3 Rg3 45. Kd4 Rxh3 46. Kxd5 Re8 47. Kd6 Rh5 0-1

[Event "Dhaka Walton op"]
[Site "Dhaka"]
[Date "2018.05.31"]
[Round "6"]
[White "Abijit, Barua"]
[Black "Mohammad, Sagar"]
[Result "0-1"]
[WhiteElo "1818"]
[BlackElo "2017"]
[PlyCount "66"]
[EventDate "2018.05.26"]
[EventType "swiss"]
[EventRounds "9"]
[EventCountry "BAN"]
[SourceTitle "CBM 184 Extra"]
[Source "ChessBase"]
[SourceDate "2018.06.28"]
[SourceVersion "1"]
[SourceVersionDate "2018.06.28"]
[SourceQuality "1"]

1. e4 c5 2. Nf3 a6 3. c3 b5 4. d4 e6 5. Be3 c4 6. Be2 Nf6 7. Qc2 Bb7 8. Nbd2 d6 9. a4 Nbd7 10. 0-0 Be7 11. Rfd1 Qc7 12. Kh1 0-0 13. h3 Rfd8 14. Nh2 e5 15. d5 Nc5 16. a5 Bc8 17. Ng4 Bxg4 18. hxg4 Rdc8 19. g3 Nfd7 20. g5 Qd8 21. f4 f6 22. gxf6 Nxf6 23. fxe5 dxe5 24. Kh2 Qe8 25. Rh1 Qg6 26. Bxc5 Bxc5 27. Kh3 Nxd5 28. Kh2 Ne3 29. Qb1 Rf8 30. Nf3 Rad8 31. b4 Ba7 32. Ra2 Ng4+ 33. Kg2 Ne3+ 0-1

[Event "Dhaka Walton op"]
[Site "Dhaka"]
[Date "2018.05.30"]
[Round "5"]
[White "Masum, Hossain"]
[Black "Abijit, Barua"]
[Result "0-1"]
[WhiteElo "2098"]
[BlackElo "1818"]
[PlyCount "84"]
[EventDate "2018.05.26"]
[EventType "swiss"]
[EventRounds "9"]
[EventCountry "BAN"]
[SourceTitle "CBM 184 Extra"]
[Source "ChessBase"]
[SourceDate "2018.06.28"]
[SourceVersion "1"]
[SourceVersionDate "2018.06.28"]
[SourceQuality "1"]

1. Nf3 Nf6 2. b3 b6 3. Bb2 Bb7 4. Bxf6 exf6 5. e3 g6 6. d4 Bg7 7. g3 d6 8. Bg2 Nd7 9. 0-0 0-0 10. c4 f5 11. Nc3 Nf6 12. Rc1 Re8 13. b4 a5 14. b5 Ne4 15. Ne2 Nf6 16. d5 Ne4 17. Nfd4 Qe7 18. Qc2 h5 19. h4 Bf6 20. Rcd1 Kg7 21. Nf4 Rh8 22. Nc6 Bxc6 23. dxc6 Rac8 24. Nd5 Qe5 25. Bxe4 fxe4 26. Nxf6 Kxf6 27. Rd5 Qe6 28. Qc3+ Ke7 29. Rfd1 Rcd8 30. c5 bxc5 31. Qxa5 Rc8 32. b6 Ra8 33. Qd2 Ra6 34. Qb2 Rb8 35. b7 Rxc6 36. a4 Rb6 37. Qg7 R8xb7 38. a5 Rb1 39. R5d2 Rxd1+ 40. Rxd1 Qb3 41. Rd2 Qb1+ 42. Kg2 Qc1 0-1

[Event "Dhaka IRT U2000"]
[Site "Dhaka"]
[Date "2018.02.17"]
[Round "4"]
[White "Abijit, Barua"]
[Black "Khan, Mokaddesur Rahman"]
[Result "0-1"]
[WhiteElo "1826"]
[BlackElo "1969"]
[PlyCount "46"]
[EventDate "2018.02.14"]
[EventType "swiss"]
[EventRounds "9"]
[EventCountry "BAN"]
[SourceTitle "EXT 2024"]
[Source "ChessBase"]
[SourceDate "2023.10.10"]
[SourceVersion "1"]
[SourceVersionDate "2023.10.10"]
[SourceQuality "1"]

1. e4 c5 2. Nf3 d6 3. d4 cxd4 4. Nxd4 Nf6 5. Nc3 a6 6. Bg5 e6 7. f4 Qc7 8. Qf3 b5 9. e5 Bb7 10. Qg3 dxe5 11. fxe5 Nfd7 12. 0-0-0 b4 13. Na4 Nc6 14. Nf3 Rc8 15. Rd2 Qa5 16. b3 Nc5 17. Bd3 Nxa4 18. bxa4 Qxa4 19. Rg1 Na5 20. Rgd1 Bd5 21. c4 bxc3 22. Re2 Bxa2 23. Rxa2 Qxa2 0-1

[Event "Dhaka Powertec op-B"]
[Site "Dhaka"]
[Date "2017.07.22"]
[Round "8"]
[White "Abijit, Barua"]
[Black "Kyum, Ahmed"]
[Result "1-0"]
[WhiteElo "1756"]
[BlackElo "1931"]
[PlyCount "87"]
[EventDate "2017.07.15"]
[EventType "swiss"]
[EventRounds "9"]
[EventCountry "BAN"]
[SourceTitle "EXT 2018"]
[Source "ChessBase"]
[SourceDate "2017.10.13"]
[SourceVersion "1"]
[SourceVersionDate "2017.10.13"]
[SourceQuality "1"]

1. e4 Nc6 2. Nf3 e5 3. Bc4 Bc5 4. c3 d6 5. h3 Nf6 6. d3 h6 7. Bb3 Qe7 8. 0-0 0-0 9. Re1 a6 10. Nbd2 b5 11. Nf1 Bb6 12. Ng3 Na5 13. Bc2 c5 14. Nh4 Kh7 15. Nhf5 Qd8 16. Qf3 Nc6 17. Be3 Ng8 18. Bd2 g6 19. Ne3 Nce7 20. Rad1 f5 21. exf5 Bd7 22. fxg6+ Nxg6 23. Qd5 Bc7 24. Bc1 Nf6 25. Qb3 Qc8 26. Kh2 Be6 27. c4 Nf4 28. d4+ Kh8 29. dxe5 dxe5 30. Bf5 Bxf5 31. Nexf5 Qb7 32. f3 e4 33. Nd6 Bxd6 34. Rxd6 Nd3 35. Nxe4 Nxc1 36. Rxc1 Nxe4 37. fxe4 Qg7 38. Qc3 Qxc3 39. Rxc3 b4 40. Re3 Kh7 41. Re2 Rfd8 42. Rd5 Rxd5 43. exd5 a5 44. Re6 1-0

[Event "Dhaka SGS op"]
[Site "Dhaka"]
[Date "2017.06.10"]
[Round "8"]
[White "Abijit, Barua"]
[Black "Jaber, Al Hamid"]
[Result "0-1"]
[WhiteElo "1767"]
[BlackElo "1906"]
[PlyCount "76"]
[EventDate "2017.06.03"]
[EventType "swiss"]
[EventRounds "9"]
[EventCountry "BAN"]
[SourceTitle "EXT 2024"]
[Source "ChessBase"]
[SourceDate "2023.10.10"]
[SourceVersion "1"]
[SourceVersionDate "2023.10.10"]
[SourceQuality "1"]

1. e4 c5 2. Nf3 d6 3. d4 cxd4 4. Nxd4 Nf6 5. Nc3 a6 6. Bg5 e5 7. Nf3 Nbd7 8. Qd2 Be7 9. Bc4 0-0 10. 0-0-0 b5 11. Bxf6 Nxf6 12. Bd5 Rb8 13. Kb1 b4 14. Ne2 Nxd5 15. Qxd5 Be6 16. Qd2 Qc7 17. Ng3 Rfc8 18. h4 h6 19. Nf5 Bf8 20. Ne3 a5 21. Rc1 a4 22. Nd5 Qb7 23. Rhd1 Rc5 24. Ng1 f5 25. f3 Bxd5 26. exd5 Rc4 27. g3 Rd4 28. Qf2 Rxd5 29. Re1 b3 30. a3 bxc2+ 31. Rxc2 Rb5 32. Ka2 Rb3 33. Qd2 e4 34. fxe4 fxe4 35. g4 e3 36. Qd4 Rxa3+ 37. bxa3 Qb3+ 38. Ka1 Qxc2 0-1